00494 a2200169 450000500170000001000150001702000300003203500140006203700160007608200110009210000190010324500420012225000090016426000370017327000920021030000220030220211208163116.0 aENG-130217 c110.00a978-93-815884-4-4 aEN-113749 bDBAD / PUB a333.72 aVohra, Manasvi aEnvironment Quiz Book:cManasvi Vohra a2012 aDarya GanjbV&S Publishersc2012 bNew Delhiminfor@vspublishers.comaF-2/16, Ansari Road, Daryaganje110002k011-23240028 a135p.c20cm (pbk)